Statistics for U.S. Cities by Letter - E (Map Quiz)

Click here to take the quiz!

General Stats

  • This quiz has been taken 328 times
  • The average score is 8 of 12

Answers on the Map

Answers color-coded by a green-red scale on the quiz's map according to % correct below.
 

Answer Stats

Answer% Correct
El Paso
98%
Erie
91%
Eugene
83%
Eureka
81%
Eau Claire
72%
Elizabeth
69%
Evansville
67%
Everett
64%
Elko
56%
Enid
53%
Elk Grove
50%
Elkhart
43%

Score Distribution

Percentile by Number Answered

Percent of People with Each Score

Your Score History

You have not taken this quiz